Footwear

Sparad:
Bibliografiska uppgifter
Materialtyp: Bok
Språk:Undetermined
Publicerad: Washington USITC Press 1977
Ämnen:
Taggar: Lägg till en tagg
Inga taggar, Lägg till första taggen!
Thư viện lưu trữ: Trung tâm Học liệu Trường Đại học Cần Thơ
LEADER 00414nam a2200169Ia 4500
001 CTU_86203
008 210402s9999 xx 000 0 und d
082 |a 338.4 
082 |b F687 
245 0 |a Footwear 
260 |a Washington 
260 |b USITC Press 
260 |c 1977 
650 |a Footwear industry 
650 |z United states 
904 |i Năm 
980 |a Trung tâm Học liệu Trường Đại học Cần Thơ